[Event "GBR-ch109 Over 50"]
[Site "Leicester"]
[Date "2023.07.24"]
[Round "1.1"]
[White "Arkell, Keith C"]
[Black "Smith, Andrew Philip"]
[Result "1-0"]
[WhiteElo "2392"]
[BlackElo "2038"]
[PlyCount "93"]
[EventDate "2023.07.24"]
[EventType "swiss"]
[EventRounds "7"]
[EventCountry "GBR"]
[SourceTitle "BritBase"]
[Source "John Saunders"]
[SourceDate "2025.01.31"]
[SourceVersion "1"]
[SourceVersionDate "2025.01.31"]
[SourceQuality "1"]

1. Nf3 Nf6 2. c4 c5 3. Nc3 g6 4. Rb1 Bg7 5. a3 O-O 6. b4 cxb4 7. axb4 d5 8. cxd5 Nxd5 9. Nxd5 Qxd5 10. Bb2 e5 11. d3 Nc6 12. e4 Qb5 13. Bc3 Bg4 14. d4 Qb6 15. d5 Nd4 16. Bxd4 exd4 17. Bd3 f5 18. O-O Rae8 19. exf5 Bxf5 20. b5 Qd6 21. b6 a6 22. Rc1 Qxb6 23. Ng5 Bxd3 24. Qxd3 Bh6 25. Rb1 Qd6 26. Ne6 Rf5 27. Qb3 b5 28. Nxd4 Rxd5 29. Rfe1 Rxe1+ 30. Rxe1 Kg7 31. Ne6+ Kf6 32. Qf3+ Rf5 33. Qc3+ Re5 34. f4 Bxf4 35. Nxf4 Qc5+ 36. Qxc5 Rxc5 37. Ra1 Rc4 38. Rxa6+ Ke5 39. Ne2 Kd5 40. Kf2 b4 41. Ke3 Rh4 42. h3 Kc4 43. Rc6+ Kb3 44. Nc1+ Kb2 45. Nd3+ Kb3 46. Rb6 Rc4 47. Rxb4+ 1-0

[Event "GBR-ch109 Over 50"]
[Site "Leicester"]
[Date "2023.07.24"]
[Round "1.2"]
[White "Thompson, Ian D"]
[Black "Lawton, Geoffrey W"]
[Result "0-1"]
[WhiteElo "2035"]
[BlackElo "2359"]
[PlyCount "80"]
[EventDate "2023.07.24"]
[EventType "swiss"]
[EventRounds "7"]
[EventCountry "GBR"]
[SourceTitle "BritBase"]
[Source "John Saunders"]
[SourceDate "2025.01.31"]
[SourceVersion "1"]
[SourceVersionDate "2025.01.31"]
[SourceQuality "1"]

1. Nf3 Nf6 2. c4 g6 3. Nc3 Bg7 4. d4 O-O 5. Bg5 c5 6. d5 h6 7. Bh4 d6 8. e3 Bf5 9. Nd2 g5 10. Bg3 Qb6 11. e4 Bg6 12. Rb1 Nh5 13. Be2 Nxg3 14. hxg3 f5 15. O-O Nd7 16. a3 Nf6 17. Bd3 f4 18. gxf4 gxf4 19. Be2 Kh8 20. b4 cxb4 21. Rxb4 Qc7 22. Nb5 Qc5 23. Bf3 a5 24. Rb1 Nd7 25. Nb3 Qxc4 26. N3d4 Bxd4 27. Nxd4 Nc5 28. Rc1 Qa2 29. Nb5 Qb2 30. Nc7 Rac8 31. Ne6 Nxe6 32. Rxc8 Rxc8 33. dxe6 Qe5 34. Qb3 b5 35. Rb1 Rc5 36. a4 b4 37. Qd3 Qxe6 38. Qa6 Kg7 39. Qb7 Be8 40. Re1 Qe5 0-1

[Event "GBR-ch109 Over 50"]
[Site "Leicester"]
[Date "2023.07.24"]
[Round "1.3"]
[White "Molyneux, John"]
[Black "Baer, Bruce L"]
[Result "0-1"]
[WhiteElo "2230"]
[BlackElo "2026"]
[PlyCount "122"]
[EventDate "2023.07.24"]
[EventType "swiss"]
[EventRounds "7"]
[EventCountry "GBR"]
[SourceTitle "BritBase"]
[Source "John Saunders"]
[SourceDate "2025.01.31"]
[SourceVersion "1"]
[SourceVersionDate "2025.01.31"]
[SourceQuality "1"]

1. e4 g6 2. d4 Bg7 3. Nc3 a6 4. Be3 d6 5. Qd2 b5 6. O-O-O Bb7 7. f3 Nd7 8. h4 h5 9. Nh3 c6 10. Ng5 Qc7 11. Kb1 Nb6 12. Bf4 b4 13. Ne2 a5 14. Nc1 e6 15. e5 d5 16. Nb3 Na4 17. Bd3 Ne7 18. g4 Ba6 19. gxh5 Rxh5 20. Rdg1 Bxd3 21. Qxd3 Nf5 22. Rg4 Ra7 23. Bd2 Qc8 24. f4 Bf8 25. c4 Nb6 26. c5 Nc4 27. Na1 Qa6 28. Kc2 a4 29. Rh3 Qb5 30. Kc1 Be7 31. Rg1 Bxg5 32. Rxg5 Nxd2 33. Qxb5 cxb5 34. Kxd2 Nxd4 35. Kd3 Nf5 36. Nc2 Rc7 37. Rxh5 gxh5 38. Nd4 Rxc5 39. Nxf5 exf5 40. Kd2 Rc4 41. Rf3 Ke7 42. Kd1 Ke6 43. Kd2 Rd4+ 44. Kc2 Re4 45. Kd2 Rc4 46. b3 Rd4+ 47. Kc2 Re4 48. Kd2 f6 49. exf6 Kxf6 50. Rf2 Rd4+ 51. Ke2 Ke6 52. Rf1 Kd6 53. Ke3 Re4+ 54. Kf3 d4 55. Rb1 Re3+ 56. Kf2 a3 57. Rg1 Kd5 58. Rg5 Ke4 59. Rxh5 Rf3+ 60. Ke2 d3+ 61. Ke1 Ke3 0-1

[Event "GBR-ch109 Over 50"]
[Site "Leicester"]
[Date "2023.07.24"]
[Round "1.4"]
[White "James, Russell A"]
[Black "Townsend, M Paul"]
[Result "0-1"]
[WhiteElo "2012"]
[BlackElo "2209"]
[PlyCount "58"]
[EventDate "2023.07.24"]
[EventType "swiss"]
[EventRounds "7"]
[EventCountry "GBR"]
[SourceTitle "BritBase"]
[Source "John Saunders"]
[SourceDate "2025.01.31"]
[SourceVersion "1"]
[SourceVersionDate "2025.01.31"]
[SourceQuality "1"]

1. e4 e6 2. d4 d5 3. e5 c5 4. c3 Bd7 5. Nf3 Nc6 6. Be2 Nge7 7. O-O Ng6 8. Na3 cxd4 9. cxd4 Be7 10. Nc2 O-O 11. Bd3 Rc8 12. Bd2 a5 13. a3 a4 14. h4 Nxh4 15. Nxh4 Bxh4 16. g3 Be7 17. Qh5 g6 18. Qh6 f5 19. exf6 Bxf6 20. Kg2 Bg7 21. Qe3 e5 22. dxe5 Nxe5 23. Nb4 d4 24. Qg5 Nxd3 25. Nxd3 Bc6+ 26. f3 Qxg5 27. Bxg5 Rf5 28. Bf4 g5 29. Bd6 g4 0-1

[Event "GBR-ch109 Over 50"]
[Site "Leicester"]
[Date "2023.07.24"]
[Round "1.5"]
[White "Pitcher, John T"]
[Black "Grillage, Andrew"]
[Result "1-0"]
[WhiteElo "2206"]
[BlackElo "2010"]
[PlyCount "63"]
[EventDate "2023.07.24"]
[EventType "swiss"]
[EventRounds "7"]
[EventCountry "GBR"]
[SourceTitle "BritBase"]
[Source "John Saunders"]
[SourceDate "2025.01.31"]
[SourceVersion "1"]
[SourceVersionDate "2025.01.31"]
[SourceQuality "1"]

1. e4 d5 2. exd5 Qxd5 3. Nc3 Qd8 4. d4 Nf6 5. Nf3 Bg4 6. Bc4 e6 7. h3 Bxf3 8. Qxf3 c6 9. Ne2 Nbd7 10. O-O Bd6 11. Bd2 O-O 12. Bb3 Qc7 13. Rfe1 Rfe8 14. Ng3 c5 15. c3 Rad8 16. Rad1 Nf8 17. Bg5 N8d7 18. Ba4 Be7 19. dxc5 Nd5 20. Bxe7 Nxe7 21. Ne4 Nc6 22. Nd6 Rf8 23. b4 Nde5 24. Qg3 Ng6 25. h4 h6 26. Bc2 Nce7 27. h5 Nh8 28. Qd3 g6 29. Qe3 Kg7 30. Qe5+ Kg8 31. Qf4 Kg7 32. Ne8+ 1-0

[Event "GBR-ch109 Over 50"]
[Site "Leicester"]
[Date "2023.07.24"]
[Round "1.6"]
[White "Hughes, Roy"]
[Black "Duncan, Christopher R"]
[Result "1/2-1/2"]
[WhiteElo "2007"]
[BlackElo "2191"]
[PlyCount "22"]
[EventDate "2023.07.24"]
[EventType "swiss"]
[EventRounds "7"]
[EventCountry "GBR"]
[SourceTitle "BritBase"]
[Source "John Saunders"]
[SourceDate "2025.01.31"]
[SourceVersion "1"]
[SourceVersionDate "2025.01.31"]
[SourceQuality "1"]

1. d4 d5 2. Bf4 c5 3. e4 dxe4 4. d5 Nf6 5. Nc3 a6 6. Qe2 g6 7. Nxe4 Nxe4 8. Qxe4 Bg7 9. O-O-O O-O 10. Nf3 Nd7 11. Qe3 b6 1/2-1/2

[Event "GBR-ch109 Over 50"]
[Site "Leicester"]
[Date "2023.07.24"]
[Round "1.7"]
[White "Ledger, David J"]
[Black "Duncan, Patrick CM"]
[Result "0-1"]
[WhiteElo "2190"]
[BlackElo "1996"]
[PlyCount "114"]
[EventDate "2023.07.24"]
[EventType "swiss"]
[EventRounds "7"]
[EventCountry "GBR"]
[SourceTitle "BritBase"]
[Source "John Saunders"]
[SourceDate "2025.01.31"]
[SourceVersion "1"]
[SourceVersionDate "2025.01.31"]
[SourceQuality "1"]

1. e4 c6 2. d4 d5 3. e5 Bf5 4. h4 h5 5. Bd3 Bxd3 6. Qxd3 e6 7. Bg5 Be7 8. Nf3 Nh6 9. Nbd2 Nf5 10. c4 dxc4 11. Nxc4 Nd7 12. Rd1 f6 13. Bf4 Nb6 14. O-O Nxc4 15. Qxc4 Qd5 16. b3 Kf7 17. Rfe1 Rad8 18. Qe2 Rd7 19. Be3 Bd8 20. Rc1 Bb6 21. Rc4 Rdd8 22. Rec1 Rde8 23. R1c2 Rd8 24. g3 Rd7 25. Rd2 Rdd8 26. Kh2 Rde8 27. b4 a6 28. a4 Re7 29. Bf4 Ree8 30. Be3 Re7 31. Ne1 Bc7 32. Rc5 Qe4 33. Qf3 Qxf3 34. Nxf3 Bb6 35. Rc4 Rd8 36. Kg2 Red7 37. Kf1 Rd5 38. a5 Bc7 39. Ke2 R8d7 40. exf6 gxf6 41. Rc5 Kg6 42. Rdc2 Bd8 43. Rxd5 Rxd5 44. Kd3 Be7 45. Bd2 e5 46. Rc4 Nd6 47. Kc3 Nxc4 48. Kxc4 Kf5 49. Bc3 Kg4 50. Ne1 exd4 51. Bxd4 Bxb4 52. Nc2 Bxa5 53. Ne3+ Kf3 54. Nxd5 b5+ 55. Kd3 cxd5 56. Bxf6 Be1 57. Bd4 a5 0-1

[Event "GBR-ch109 Over 50"]
[Site "Leicester"]
[Date "2023.07.24"]
[Round "1.8"]
[White "Brown, Alan M"]
[Black "Crocker, Philip J"]
[Result "1/2-1/2"]
[WhiteElo "1988"]
[BlackElo "2151"]
[PlyCount "104"]
[EventDate "2023.07.24"]
[EventType "swiss"]
[EventRounds "7"]
[EventCountry "GBR"]
[SourceTitle "BritBase"]
[Source "John Saunders"]
[SourceDate "2025.01.31"]
[SourceVersion "1"]
[SourceVersionDate "2025.01.31"]
[SourceQuality "1"]

1. d4 Nf6 2. c4 c5 3. d5 b5 4. cxb5 a6 5. b6 e6 6. Nc3 exd5 7. Nxd5 Nxd5 8. Qxd5 Nc6 9. Nf3 Rb8 10. e4 Be7 11. Bc4 O-O 12. O-O Rxb6 13. a3 d6 14. Rb1 Na5 15. Bd3 Be6 16. Qh5 Ba2 17. Ra1 Bc4 18. Bd2 Bxd3 19. Bxa5 Bxf1 20. Rxf1 Qb8 21. Bxb6 Qxb6 22. Rb1 c4 23. Nd2 Rc8 24. Qe2 Qd4 25. Kf1 a5 26. Nf3 Qc5 27. Rc1 Qb5 28. Nd4 Qc5 29. Nf5 Bf6 30. f4 c3 31. Ne7+ Bxe7 32. Rxc3 Qxc3 33. bxc3 Rxc3 34. Qb2 Rc5 35. Ke2 g6 36. g4 g5 37. fxg5 Rxg5 38. Kf3 h5 39. gxh5 Rxh5 40. Qc2 Rc5 41. Qb2 Rh5 42. a4 Rh3+ 43. Kg2 Rh5 44. Qb7 Re5 45. Kf3 Kg7 46. Kg4 Rg5+ 47. Kf4 Re5 48. Qd7 Bg5+ 49. Kf3 Be7 50. Qc6 Kg6 51. Qc8 Kg7 52. Qd7 Kh7 1/2-1/2

[Event "GBR-ch109 Over 50"]
[Site "Leicester"]
[Date "2023.07.24"]
[Round "1.9"]
[White "Graham, David Bruce"]
[Black "Kirby, Peter J"]
[Result "1-0"]
[WhiteElo "2151"]
[BlackElo "1985"]
[PlyCount "105"]
[EventDate "2023.07.24"]
[EventType "swiss"]
[EventRounds "7"]
[EventCountry "GBR"]
[SourceTitle "BritBase"]
[Source "John Saunders"]
[SourceDate "2025.01.31"]
[SourceVersion "1"]
[SourceVersionDate "2025.01.31"]
[SourceQuality "1"]

1. e4 c5 2. Nf3 e6 3. Nc3 Nc6 4. Bb5 Nd4 5. Bc4 a6 6. d3 b5 7. Bb3 Nxb3 8. axb3 Bb7 9. O-O Be7 10. Re1 Nf6 11. Bd2 d6 12. Ne2 O-O 13. Ng3 Qc7 14. h4 a5 15. h5 b4 16. h6 g6 17. Nh2 Bc6 18. Ng4 Nxg4 19. Qxg4 f5 20. Qh3 Bf6 21. Ra2 a4 22. bxa4 Rxa4 23. Rxa4 Bxa4 24. c3 bxc3 25. Bxc3 Bb5 26. Bxf6 Rxf6 27. Qh4 Rf7 28. Ra1 Rf8 29. exf5 exf5 30. Ne2 Re8 31. Nf4 Qe7 32. Qxe7 Rxe7 33. Nd5 Rb7 34. Nf6+ Kf7 35. Nxh7 Bxd3 36. Ra8 Rb4 37. Ng5+ Kf6 38. h7 Rh4 39. h8=Q+ Rxh8 40. Rxh8 Kxg5 41. Rd8 f4 42. Rxd6 c4 43. f3 Kf5 44. Kf2 Ke5 45. Rxd3 cxd3 46. Ke1 Kd4 47. Kd2 Kc4 48. b3+ Kxb3 49. Kxd3 g5 50. Ke4 Kc3 51. Kf5 Kd3 52. Kxg5 Ke3 53. Kg4 1-0

[Event "GBR-ch109 Over 50"]
[Site "Leicester"]
[Date "2023.07.24"]
[Round "1.10"]
[White "Ledger, Stephen C"]
[Black "Eames, Robert S"]
[Result "1/2-1/2"]
[WhiteElo "1978"]
[BlackElo "2124"]
[PlyCount "95"]
[EventDate "2023.07.24"]
[EventType "swiss"]
[EventRounds "7"]
[EventCountry "GBR"]
[SourceTitle "BritBase"]
[Source "John Saunders"]
[SourceDate "2025.01.31"]
[SourceVersion "1"]
[SourceVersionDate "2025.01.31"]
[SourceQuality "1"]

1. d4 Nf6 2. c4 c5 3. d5 b5 4. cxb5 a6 5. b6 e6 6. Nc3 Nxd5 7. Nxd5 exd5 8. Qxd5 Nc6 9. Nf3 Rb8 10. e4 Be7 11. Bc4 O-O 12. Bd2 Rxb6 13. Bc3 d6 14. O-O Be6 15. Qd3 Qc8 16. Rfd1 Bxc4 17. Qxc4 Qe6 18. Qd5 Nb4 19. Qxe6 fxe6 20. a3 Nc6 21. Rd2 a5 22. Ne1 Nd4 23. Bxd4 cxd4 24. Nd3 e5 25. Rc2 Kf7 26. b4 Ra8 27. Rd1 Ke6 28. f4 axb4 29. axb4 Ra3 30. g3 Rb3 31. Kf2 Ra6 32. Ke2 g5 33. Rdd2 gxf4 34. gxf4 exf4 35. Rc4 f3+ 36. Kxf3 Bg5 37. Rd1 Be3 38. Rc8 Ra2 39. Re8+ Kd7 40. Rh8 Rxh2 41. e5 Bd2 42. Ke4 Rh4+ 43. Kd5 Rxd3 44. Ra1 Kc7 45. exd6+ Kb7 46. Raa8 Rh5+ 47. Ke6 Kc6 48. b5+ 1/2-1/2

[Event "GBR-ch109 Over 50"]
[Site "Leicester"]
[Date "2023.07.24"]
[Round "1.11"]
[White "Henderson, David"]
[Black "Handley, Michael R"]
[Result "1-0"]
[WhiteElo "2113"]
[BlackElo "1965"]
[PlyCount "35"]
[EventDate "2023.07.24"]
[EventType "swiss"]
[EventRounds "7"]
[EventCountry "GBR"]
[SourceTitle "BritBase"]
[Source "John Saunders"]
[SourceDate "2025.01.31"]
[SourceVersion "1"]
[SourceVersionDate "2025.01.31"]
[SourceQuality "1"]

1. e4 e6 2. d4 d5 3. e5 c5 4. c3 Nc6 5. Nf3 Qb6 6. Bd3 cxd4 7. O-O Bd7 8. Re1 Rc8 9. h4 Nge7 10. Nbd2 dxc3 11. bxc3 Na5 12. Rb1 Qc7 13. Ba3 Qxc3 14. Nb3 Nc4 15. Rc1 Nxa3 16. Rxc3 Rxc3 17. Qd2 Rc7 18. Qa5 1-0

[Event "GBR-ch109 Over 50"]
[Site "Leicester"]
[Date "2023.07.24"]
[Round "1.12"]
[White "Crichton, Martin"]
[Black "Dargan, Paul AG"]
[Result "0-1"]
[WhiteElo "1906"]
[BlackElo "2091"]
[PlyCount "98"]
[EventDate "2023.07.24"]
[EventType "swiss"]
[EventRounds "7"]
[EventCountry "GBR"]
[SourceTitle "BritBase"]
[Source "John Saunders"]
[SourceDate "2025.01.31"]
[SourceVersion "1"]
[SourceVersionDate "2025.01.31"]
[SourceQuality "1"]

1. e4 c5 2. c4 Nc6 3. Nc3 g6 4. g3 Bg7 5. Bg2 a6 6. Nge2 b5 7. d3 Rb8 8. O-O d6 9. Rb1 e6 10. Be3 b4 11. Na4 Nd4 12. b3 Ne7 13. Nxd4 cxd4 14. Bd2 Bd7 15. Nb2 O-O 16. Ra1 f5 17. Qe1 Qb6 18. Bg5 Nc6 19. Qd2 Na5 20. Rae1 Nb7 21. Bh6 e5 22. Bxg7 Kxg7 23. f4 fxe4 24. Bxe4 Nc5 25. Bd5 Bh3 26. Rf2 Qc7 27. Rfe2 a5 28. fxe5 dxe5 29. Bg2 Bxg2 30. Kxg2 Rbe8 31. Nd1 Qc6+ 32. Kg1 Qf3 33. Nb2 Qh5 34. Rf2 Rxf2 35. Qxf2 Qf5 36. Qd2 e4 37. dxe4 Rxe4 38. Rf1 Qe5 39. Qf2 Qe7 40. Qf3 Re2 41. Rf2 d3 42. Na4 Re1+ 43. Kg2 Ne4 44. Rf1 d2 45. Nb2 Ng5 46. Qd5 Rxf1 47. Kxf1 Qe1+ 48. Kg2 Qe2+ 49. Kh1 Qf1# 0-1

[Event "GBR-ch109 Over 50"]
[Site "Leicester"]
[Date "2023.07.24"]
[Round "1.13"]
[White "Walker, Martin Graham"]
[Black "Mueller, Jens"]
[Result "1-0"]
[WhiteElo "2079"]
[BlackElo "1862"]
[PlyCount "93"]
[EventDate "2023.07.24"]
[EventType "swiss"]
[EventRounds "7"]
[EventCountry "GBR"]
[SourceTitle "BritBase"]
[Source "John Saunders"]
[SourceDate "2025.01.31"]
[SourceVersion "1"]
[SourceVersionDate "2025.01.31"]
[SourceQuality "1"]

1. e4 g6 2. d4 Bg7 3. Nc3 c5 4. dxc5 Bxc3+ 5. bxc3 Nf6 6. e5 Ne4 7. Qd4 Qa5 8. Bd3 Nc6 9. Qxe4 Qxc3+ 10. Kd1 Qxa1 11. Nf3 b6 12. h4 Bb7 13. cxb6 axb6 14. Bc4 d5 15. Bxd5 O-O-O 16. Ke2 Rxd5 17. Qxd5 Nxe5 18. Qb3 Ba6+ 19. Ke3 Rd8 20. Kf4 Nxf3 21. Kxf3 Qe5 22. Bf4 Qd5+ 23. Kg3 e5 24. Qc3+ Bc4 25. Bxe5 Re8 26. Re1 b5 27. a3 Qc6 28. Bf4 Rxe1 29. Qxe1 Kd7 30. Qe5 h5 31. f3 Qb6 32. Qe4 Qa7 33. a4 Qb6 34. a5 Qxa5 35. Qb7+ Ke6 36. Qc6+ Ke7 37. Qd6+ Ke8 38. Bg5 f6 39. Qc6+ Kf8 40. Qxf6+ Bf7 41. Qh8+ Bg8 42. Bh6+ Ke7 43. Qxg8 Qe1+ 44. Kf4 Qd2+ 45. Ke4 Qxh6 46. Qd5 Qc1 47. Qg5+ 1-0

[Event "GBR-ch109 Over 50"]
[Site "Leicester"]
[Date "2023.07.24"]
[Round "1.14"]
[White "Giulian, Rosemary A"]
[Black "Brett, Andrew R"]
[Result "1/2-1/2"]
[WhiteElo "1855"]
[BlackElo "2078"]
[PlyCount "57"]
[EventDate "2023.07.24"]
[EventType "swiss"]
[EventRounds "7"]
[EventCountry "GBR"]
[SourceTitle "BritBase"]
[Source "John Saunders"]
[SourceDate "2025.01.31"]
[SourceVersion "1"]
[SourceVersionDate "2025.01.31"]
[SourceQuality "1"]

1. e4 e5 2. Nf3 Nc6 3. Bb5 a6 4. Ba4 Nf6 5. d4 exd4 6. O-O Be7 7. e5 Ne4 8. Nxd4 O-O 9. Nf5 d5 10. exd6 Nxd6 11. Nxe7+ Qxe7 12. Bxc6 bxc6 13. Re1 Qf6 14. Nd2 Bf5 15. c3 Rfe8 16. Rxe8+ Rxe8 17. Nf1 Qg6 18. Bf4 Be4 19. Ng3 Bd5 20. b3 Qf6 21. c4 Qxf4 22. cxd5 cxd5 23. Qxd5 Qf6 24. Rd1 Qc3 25. h3 h6 26. Qd2 Qe5 27. Qd5 Qc3 28. Qd2 Qe5 29. Qd5 1/2-1/2

[Event "GBR-ch109 Over 50"]
[Site "Leicester"]
[Date "2023.07.24"]
[Round "1.15"]
[White "Smith, Peter"]
[Black "Watson, Simon"]
[Result "1/2-1/2"]
[WhiteElo "2063"]
[BlackElo "1835"]
[PlyCount "116"]
[EventDate "2023.07.24"]
[EventType "swiss"]
[EventRounds "7"]
[EventCountry "GBR"]
[SourceTitle "BritBase"]
[Source "John Saunders"]
[SourceDate "2025.01.31"]
[SourceVersion "1"]
[SourceVersionDate "2025.01.31"]
[SourceQuality "1"]

1. Nf3 Nf6 2. c4 g6 3. Nc3 Bg7 4. e4 d6 5. Be2 O-O 6. O-O c5 7. d4 cxd4 8. Nxd4 Nc6 9. Be3 Bd7 10. Qd2 Ng4 11. Bxg4 Bxg4 12. f3 Nxd4 13. Bxd4 Be6 14. Bxg7 Kxg7 15. Qd4+ Kg8 16. b3 Qa5 17. Rfe1 Rac8 18. Nd5 Bxd5 19. exd5 Rfe8 20. a4 Qc5 21. Qxc5 Rxc5 22. Re4 a6 23. a5 Kf8 24. Kf2 Rb8 25. Ke2 Rc7 26. Kd3 b5 27. axb6 Rxb6 28. Kc3 Rcb7 29. Ra3 Rb4 30. Re2 Rb8 31. Rb2 R4b6 32. b4 e6 33. Ra5 Ke7 34. dxe6 fxe6 35. b5 axb5 36. Raxb5 Rxb5 37. cxb5 Kd7 38. Kb4 Kc7 39. Re2 Re8 40. f4 Kb6 41. Ra2 Rd8 42. Ra6+ Kb7 43. Rc6 h6 44. g3 g5 45. Kc3 gxf4 46. gxf4 Rc8 47. Rxc8 Kxc8 48. Kb4 Kb7 49. Ka5 d5 50. Kb4 h5 51. Kc5 h4 52. h3 Kc7 53. f5 exf5 54. Kxd5 Kb6 55. Ke5 Kxb5 56. Kxf5 Kc6 57. Kg5 Kd7 58. Kxh4 Ke7 1/2-1/2

[Event "GBR-ch109 Over 50"]
[Site "Leicester"]
[Date "2023.07.24"]
[Round "1.16"]
[White "Kennedy, Craig"]
[Black "Kett, Timothy J"]
[Result "0-1"]
[WhiteElo "1784"]
[BlackElo "2062"]
[PlyCount "42"]
[EventDate "2023.07.24"]
[EventType "swiss"]
[EventRounds "7"]
[EventCountry "GBR"]
[SourceTitle "BritBase"]
[Source "John Saunders"]
[SourceDate "2025.01.31"]
[SourceVersion "1"]
[SourceVersionDate "2025.01.31"]
[SourceQuality "1"]

1. g3 d5 2. Bg2 e5 3. Nf3 e4 4. Nd4 c5 5. Nb3 c4 6. Nd4 Bc5 7. c3 Nc6 8. Nxc6 bxc6 9. O-O Nf6 10. b3 h5 11. d3 cxd3 12. exd3 h4 13. d4 Bd6 14. Bg5 Qc7 15. Bxf6 gxf6 16. c4 hxg3 17. fxg3 Bxg3 18. hxg3 Qxg3 19. Qe1 Qh2+ 20. Kf2 Rg8 21. Rg1 Qf4+ 0-1

[Event "GBR-ch109 Over 50"]
[Site "Leicester"]
[Date "2023.07.24"]
[Round "1.17"]
[White "Sanger, Mark"]
[Black "Drugan, Mark A"]
[Result "1-0"]
[WhiteElo "2049"]
[BlackElo "1693"]
[PlyCount "133"]
[EventDate "2023.07.24"]
[EventType "swiss"]
[EventRounds "7"]
[EventCountry "GBR"]
[SourceTitle "BritBase"]
[Source "John Saunders"]
[SourceDate "2025.01.31"]
[SourceVersion "1"]
[SourceVersionDate "2025.01.31"]
[SourceQuality "1"]

1. e4 e5 2. Nc3 Nf6 3. Bc4 Nc6 4. d3 Bc5 5. Nf3 d6 6. Bg5 h6 7. Bh4 g5 8. Bg3 a6 9. a4 Bg4 10. h3 Be6 11. Nd2 Bxc4 12. Nxc4 Nd4 13. h4 Kd7 14. Ne3 c6 15. Na2 Ne6 16. Nf5 Nf4 17. d4 exd4 18. b4 Bb6 19. a5 Ba7 20. Bxf4 gxf4 21. f3 Nh5 22. Qd2 Qf6 23. Rd1 Ng3 24. Nxg3 fxg3 25. Nc1 Rae8 26. Nd3 Re6 27. Qf4 Qg7 28. Qf5 Qg6 29. Qh3 Qf6 30. Qxg3 Ree8 31. O-O Rhg8 32. Qh3+ Kc7 33. Qh2 Kc8 34. Rde1 Bb8 35. Kh1 Bc7 36. Qf4 Qg6 37. g4 Kb8 38. Qf5 Qxf5 39. exf5 d5 40. Kg2 Bd6 41. Kf2 Kc7 42. Rg1 Bh2 43. Rxe8 Bxg1+ 44. Kxg1 Rxe8 45. Kf2 b6 46. axb6+ Kxb6 47. f4 f6 48. g5 fxg5 49. fxg5 hxg5 50. hxg5 Rf8 51. f6 Kc7 52. Kf3 Kd6 53. Kf4 Ke6 54. Nc5+ Kf7 55. Kf5 Rg8 56. Nd3 Rh8 57. Ne5+ Kg8 58. Kg6 Rh1 59. f7+ Kf8 60. Nd7+ Ke7 61. f8=Q+ Kxd7 62. Qg7+ Kd6 63. Qxd4 Re1 64. Qf4+ Kd7 65. Kh6 Rh1+ 66. Kg7 Re1 67. g6 1-0

[Event "GBR-ch109 Over 50"]
[Site "Leicester"]
[Date "2023.07.24"]
[Round "1.18"]
[White "Strugar, Ioan"]
[Black "Rich, Mark C"]
[Result "0-1"]
[WhiteElo "1359"]
[BlackElo "2043"]
[PlyCount "146"]
[EventDate "2023.07.24"]
[EventType "swiss"]
[EventRounds "7"]
[EventCountry "GBR"]
[SourceTitle "BritBase"]
[Source "John Saunders"]
[SourceDate "2025.01.31"]
[SourceVersion "1"]
[SourceVersionDate "2025.01.31"]
[SourceQuality "1"]

1. e4 c5 2. c3 d5 3. exd5 Qxd5 4. d4 Nf6 5. Nf3 e6 6. Bd3 cxd4 7. cxd4 Nc6 8. O-O Be7 9. Nc3 Qd8 10. h3 O-O 11. a3 a6 12. Be3 b5 13. Rc1 Bb7 14. Qe2 b4 15. axb4 Nxb4 16. Bb1 a5 17. Rfd1 Rc8 18. Bf4 Ba6 19. Qd2 Nbd5 20. Be5 Bb4 21. Bd3 Bb7 22. Qg5 h6 23. Qd2 Nd7 24. Bg3 a4 25. Bc2 a3 26. Qd3 N5f6 27. Na4 axb2 28. Nxb2 Qa5 29. Nc4 Qa6 30. Nfe5 Be4 31. Qb3 Nxe5 32. dxe5 Bxc2 33. Rxc2 Nd5 34. Kh2 Be7 35. Rd4 Rb8 36. Qf3 Qa4 37. Rcd2 Rb4 38. Nb2 Rxd4 39. Nxa4 Rxd2 40. Nc3 Nxc3 41. Qxc3 Rfd8 42. Bf4 R2d5 43. Qg3 Kh7 44. Qc3 R8d7 45. Be3 g6 46. g4 Rxe5 47. Qxe5 Bd6 48. Bd4 Bxe5+ 49. Bxe5 g5 50. Kg3 Rd3+ 51. f3 Kg6 52. Kf2 f6 53. Ke2 Ra3 54. Bd6 Ra2+ 55. Ke3 e5 56. Ke4 Rh2 57. Kd5 Rxh3 58. Ke6 Rxf3 59. Be7 e4 60. Kd5 e3 61. Ke4 e2 62. Bb4 Rf4+ 63. Ke3 Rxb4 64. Kxe2 Rxg4 65. Kf3 f5 66. Kf2 h5 67. Kf3 h4 68. Kf2 h3 69. Kf3 h2 70. Ke3 h1=Q 71. Kd3 Qf3+ 72. Kd2 Rg2+ 73. Kc1 Qf1# 0-1

[Event "GBR-ch109 Over 50"]
[Site "Leicester"]
[Date "2023.07.24"]
[Round "1.19"]
[White "Mason, Donald J"]
[Black "Cole, Graham L"]
[Result "0-1"]
[WhiteElo "2042"]
[BlackElo "1628"]
[PlyCount "68"]
[EventDate "2023.07.24"]
[EventType "swiss"]
[EventRounds "7"]
[EventCountry "GBR"]
[SourceTitle "BritBase"]
[Source "John Saunders"]
[SourceDate "2025.01.31"]
[SourceVersion "1"]
[SourceVersionDate "2025.01.31"]
[SourceQuality "1"]

1. e4 c5 2. Nc3 d6 3. f4 g6 4. Nf3 Bg7 5. Bb5+ Bd7 6. a4 a6 7. Bxd7+ Qxd7 8. a5 Nc6 9. d3 Nf6 10. Bd2 O-O 11. O-O Rab8 12. b3 Nd4 13. Ra4 Nxf3+ 14. Qxf3 e6 15. f5 exf5 16. exf5 Rbe8 17. Bg5 Re5 18. Bxf6 Rxf5 19. Rf4 Bxf6 20. Rxf5 Qxf5 21. Qxf5 gxf5 22. Nd5 Bd4+ 23. Kh1 Re8 24. c3 Bg7 25. Kg1 Re5 26. Rxf5 Rxf5 27. Ne7+ Kf8 28. Nxf5 Bxc3 29. Nxd6 Bxa5 30. Nxb7 Bb6 31. Kf1 Ke7 32. Ke2 Kd7 33. d4 cxd4 34. b4 Kc6 0-1

[Event "GBR-ch109 Over 50"]
[Site "Leicester"]
[Date "2023.07.25"]
[Round "2.1"]
[White "Kett, Timothy J"]
[Black "Arkell, Keith C"]
[Result "1-0"]
[WhiteElo "2062"]
[BlackElo "2392"]
[PlyCount "123"]
[EventDate "2023.07.24"]
[EventType "swiss"]
[EventRounds "7"]
[EventCountry "GBR"]
[SourceTitle "BritBase"]
[Source "John Saunders"]
[SourceDate "2025.01.31"]
[SourceVersion "1"]
[SourceVersionDate "2025.01.31"]
[SourceQuality "1"]

1. e4 c6 2. d4 d5 3. e5 Qc7 4. c4 Bf5 5. Nc3 dxc4 6. Bxc4 e6 7. Nf3 Nd7 8. O-O Nb6 9. Bb3 Ne7 10. Nh4 Bg6 11. Bg5 Qd7 12. Qg4 Nf5 13. Rad1 Nxh4 14. Qxh4 Be7 15. Rfe1 Bxg5 16. Qxg5 Qe7 17. Qg3 O-O 18. Ne4 Bxe4 19. Rxe4 Rfd8 20. Rg4 g6 21. h4 Qf8 22. h5 Nd5 23. Rd3 Qh6 24. hxg6 fxg6 25. Rh4 Qg7 26. Qg4 Rf8 27. Qxe6+ Qf7 28. Qxf7+ Rxf7 29. Bxd5 cxd5 30. Rhh3 Rc8 31. Rc3 Rc6 32. Rhd3 g5 33. Rxc6 bxc6 34. f3 a5 35. Kf2 a4 36. Rc3 Rb7 37. b3 axb3 38. axb3 Rb6 39. Kg3 Kf7 40. f4 Kg6 41. Kf3 h5 42. g4 gxf4 43. Kxf4 hxg4 44. Kxg4 Rb4 45. Rxc6+ Kf7 46. Kf5 Ke7 47. Rc7+ Kd8 48. Rc5 Rxd4 49. Ke6 Rb4 50. Rxd5+ Ke8 51. Rd3 Rb8 52. Kf6 Rb6+ 53. e6 Rb4 54. Rc3 Rf4+ 55. Ke5 Rb4 56. Re3 Ke7 57. Kd5 Rb8 58. Kc6 Rb4 59. Kc5 Rb8 60. b4 Rc8+ 61. Kd5 Rb8 62. Re4 1-0